Banderas Africanas - ¡Muerte súbita! - Estadísticas

Estadísticas generales
  • Esta prueba ha sido intentada 616 veces
  • La puntuación promedio es 13 de 25
Answers on the Grid
Answers color-coded by a green-red scale on the quiz's grid according to % correct below.
 
Estadísticas de respuestas
Respuesta % Correcto
Etiopía
83%
Guinea-Bissau
78%
Senegal
75%
Santo Tomé y Principe
73%
Guinea
63%
Ghana
61%
Camerún
59%
Togo
58%
Botsuana
54%
República centroafricana
54%
Sudáfrica
53%
Benín
51%
Guinea Ecuatorial
49%
Somalia
49%
Costa de Marfil
47%
Madagascar
47%
Mauricio
46%
Burkina Faso
46%
Lesoto
45%
SIerra Leona
43%
Libia
42%
Comoras
41%
Malí
41%
Sudán
33%
Chad
32%
No se encontraron pruebas coincidentes
Distribución de puntuación
Porcentaje de gente con cada puntuación
Porcentaje por número respondido
Historial de tus puntuaciones
No has intentado esta prueba.